00817 2200217 4500001002100000005001700021008004100038035002500079040001200104082001300116090002100129110004600150245022500196260003000421300003400451440002000485650004800505850001200553990001700565990001700582YOGYA-0209000000003820141215132102.0 ind  a0010-020900000000038 aYOPDYOG a346.0438 aR 346.0438 Ind P aINDONESIA [Undang-undang, peraturan dsb.] aPeraturan penunjang pejabat pembuat akta tanah dan hak tangungan atas tanahbdilengkapi dengan penanganan masalah pertanahan, pembentukan tim / kelompok kerja penyusunan rencana kegiatan lima tahunan bidang pertanahan .. aJakartabCipta Jayac2004 aviii, 398 hlm.blamp.c22 cm. aSeri Pertanahan aAkta tanah - Undang - undang, Peraturan dsb aYOPDYOG a2593-PD/P.04 a2594-PD/P.04